|
|
|
|
| LEADER |
01000naa a2200217 i 4500 |
| 001 |
acta54544 |
| 005 |
20230615083548.0 |
| 008 |
180718s2013 hu o 1|| hun d |
| 020 |
|
|
|a 963 482 366 1
|
| 040 |
|
|
|a SZTE Egyetemi Kiadványok Repozitórium
|b hun
|
| 041 |
|
|
|a hun
|
| 100 |
1 |
|
|a Nagy L. János
|
| 245 |
1 |
0 |
|a Szövegemlékeink alakzati megközelítéséhez
|h [elektronikus dokumentum] /
|c Nagy L. János
|
| 260 |
|
|
|a Szegedi Tudományegyetem Magyar Nyelvészeti Tanszék
|b Szeged
|c 2013
|
| 300 |
|
|
|a 125-133
|
| 490 |
0 |
|
|a A nyelvtörténeti kutatások újabb eredményei
|v 7
|
| 650 |
|
4 |
|a Bölcsészettudományok
|
| 650 |
|
4 |
|a Nyelvek és irodalom
|
| 695 |
|
|
|a Nyelvemlék - magyar, Szövegelemzés - nyelvészeti - magyar - nyelvemlékek, Nyelvtudomány, Nyelvtörténet - magyar, Nyelvészet - történeti
|
| 711 |
|
|
|a A nyelvtörténeti kutatások újabb eredményei (7.)
|c Szeged
|d 2012. március 29-30.
|
| 856 |
4 |
0 |
|u http://acta.bibl.u-szeged.hu/54544/1/nyelvtort_007_125-133.pdf
|z Dokumentum-elérés
|